Xã giao văn minh và lịch sự
Sách cung cấp kiến thức về cách giao tiếp trong xã hội: cách xưr thế nơi công cộng; cách cư xử trong gia đình; cách ăn mặc và trang điểm; cách sử dụng danh thiếp - thư từ - điện thoại; cách tổ chức tiệc tùng và khiêu vũ......
Αποθηκεύτηκε σε:
| Κύριος συγγραφέας: | |
|---|---|
| Μορφή: | Βιβλίο |
| Γλώσσα: | Undetermined |
| Έκδοση: |
Cà Mau
Mũi Cà Mau
1998
|
| Θέματα: | |
| Ετικέτες: |
Προσθήκη ετικέτας
Δεν υπάρχουν, Καταχωρήστε ετικέτα πρώτοι!
|
| Thư viện lưu trữ: | Trung tâm Học liệu Trường Đại học Cần Thơ |
|---|
| LEADER | 00851nam a2200181Ia 4500 | ||
|---|---|---|---|
| 001 | CTU_25148 | ||
| 008 | 210402s9999 xx 000 0 und d | ||
| 082 | |a 302 | ||
| 082 | |b H309 | ||
| 100 | |a Vương Trung Hiếu | ||
| 245 | 0 | |a Xã giao văn minh và lịch sự | |
| 245 | 0 | |c Vương Trung Hiếu | |
| 260 | |a Cà Mau | ||
| 260 | |b Mũi Cà Mau | ||
| 260 | |c 1998 | ||
| 520 | |a Sách cung cấp kiến thức về cách giao tiếp trong xã hội: cách xưr thế nơi công cộng; cách cư xử trong gia đình; cách ăn mặc và trang điểm; cách sử dụng danh thiếp - thư từ - điện thoại; cách tổ chức tiệc tùng và khiêu vũ... | ||
| 650 | |a social interaction,social psychology | ||
| 980 | |a Trung tâm Học liệu Trường Đại học Cần Thơ | ||